| 000 | 00993nam a2200229Ia 4500 | ||
|---|---|---|---|
| 001 | 10776 | ||
| 003 | GE_BSU | ||
| 008 | 181216s||||||||xx |||||||||||||| ||und|| | ||
| 020 | _a9992871784. | ||
| 040 | _cGE_BSU | ||
| 080 | _a821.353.1+821.353.1-32+396 | ||
| 245 | _aქალი-სახე და პრობლემა:I ტომი:ანთოლოგია. | ||
| 245 | _cპროექტის ავტორი:ნაირა გელაშვილი;რედ.შოთა იათაშვილი. | ||
| 260 | _aთბილისი. | ||
| 260 | _bკავკასიური სახლი. | ||
| 260 | _c2005. | ||
| 300 | _a455გვ;20სმ. | ||
| 520 | _aგამოიცა ჰაინრიხ ბიოლის ფონდის (გერმანია) ხელშეწყობით. | ||
| 541 | _h7ლ. | ||
| 653 | _aქალი-სახე და პრობლემა:I ტომი:ანთოლოგია. | ||
| 942 | _cBK | ||
| 999 |
_c44025 _d44025 |
||